| 000 | 00879nam a2200277 c 4500 | ||
|---|---|---|---|
| 999 |
_c78989 _d78989 |
||
| 003 | BLK | ||
| 005 | 20220225172622.0 | ||
| 008 | 180408b bul|||||r ||||||| ||bul|| | ||
| 010 | _aKNG00083457000 | ||
| 020 | _a978-954-336-042-0 | ||
| 040 | _aBLK | ||
| 041 |
_aBUL _cBUL |
||
| 080 |
_aБългарска литература _b821.163.2 _x-1 _z821.163.2-1 |
||
| 100 | 1 |
_aПенев, Пламен _eпърви автор _9268203 |
|
| 139 |
_aПенев, Пламен _bП 34 |
||
| 245 | 1 | 0 |
_aПреносима памет _cПламен Пенев. |
| 257 | _aBGR | ||
| 260 |
_bСтигмати _c2007 _fСофия : Вулкан |
||
| 300 |
_a96 с. _c22 см |
||
| 380 | _aX | ||
| 852 | _aЦб 239823 | ||
| 852 | _aК 821.163.2/П 34 П | ||
| 856 | 4 | _qpdf | |
| 856 | 4 | _qpdf | |
| 942 |
_cKNG _n0 _s1 |
||
| 944 |
_aCR _c22.04.2008 _kЛюдмила_Стоянова |
||
| 944 |
_aED _c25.08.2008 |
||
| 999 | _d78989 | ||
| 999 | _d78989 | ||